Personnage de The walking dead - mort subites - Statistiques

Statistiques générales
  • Ce quiz a été pris 68 fois
  • Le résultat moyen est 11 sur 18
Answers on the Grid
Answers color-coded by a green-red scale on the quiz's grid according to % correct below.
Rosita Espinosa
Rick Grimes
Shane Walsh
Andrew Lincoln
Jesse Pinkman
Carl Grimes
Tony Sopranos
Skyler White
Aaron
Benjamin Miles Franklin
Le gouverneur
Ezekiel
Merle Dixon
Steven Yeun
T-dog
Beth Greene
Glenn Rhee
Eugene Porter
Micheal Scofield
Karl Urban
Negan Smith
Billy Butcher
Magna
Tuco Salamanca
Seong Gi-hun
Dale
Jim
Maggie Rhee
Carol Peletier
T-bag
 
Statistiques - réponses
Réponse % Correct
Le gouverneur
76%
Carl Grimes
69%
Rick Grimes
69%
Shane Walsh
69%
Merle Dixon
67%
Negan Smith
67%
Glenn Rhee
65%
Ezekiel
63%
Maggie Rhee
63%
Aaron
61%
Eugene Porter
61%
Rosita Espinosa
61%
Carol Peletier
59%
Beth Greene
57%
Dale
53%
T-dog
53%
Jim
37%
Magna
35%
Aucun quiz correspondant
Distribution des résultats
% des personnes avec chaque résultat
Percentile par nombre de réponses
Votre historique - résultats
Vous n’avez pas pris ce quiz